ARRUPE JESUIT UNIVERSITY

CORONAVIRUS -STOP THE SPREAD - CLEAN,DISINFECT,COVER

Physical sciences and history of physics / (Record no. 121730)

MARC details
000 -LEADER
fixed length control field 00992cam a2200265 a 4500
001 - CONTROL NUMBER
control field 4715368
003 - CONTROL NUMBER IDENTIFIER
control field ARRUPE
005 - DATE AND TIME OF LATEST TRANSACTION
control field 20150116122932.0
008 - FIXED-LENGTH DATA ELEMENTS--GENERAL INFORMATION
fixed length control field 831012s1984 ne a b 001 0 eng
010 ## - LIBRARY OF CONGRESS CONTROL NUMBER
LC control number 83021352
020 ## - INTERNATIONAL STANDARD BOOK NUMBER
International Standard Book Number 9027716153
040 ## - CATALOGING SOURCE
Original cataloging agency DLC
Transcribing agency DLC
Modifying agency DLC
050 00 - LIBRARY OF CONGRESS CALL NUMBER
Classification number Q174
Item number .B67 vol. 82
Classification number QC7
082 00 - DEWEY DECIMAL CLASSIFICATION NUMBER
Classification number 530/.09
Edition number 19
300 ## - PHYSICAL DESCRIPTION
Other physical details ill. ;
Dimensions 23 cm.
245 00 - TITLE STATEMENT
Title Physical sciences and history of physics /
Statement of responsibility, etc edited by R.S. Cohen and M.W. Wartofsky.
260 ## - PUBLICATION, DISTRIBUTION, ETC. (IMPRINT)
Place of publication, distribution, etc Dordrecht ;
-- Boston :
Name of publisher, distributor, etc D. Reidel ;
Place of publication, distribution, etc Hingham, MA, U.S.A. :
Name of publisher, distributor, etc Distributed in the U.S.A. and Canada by Kluwer Academic Publishers,
Date of publication, distribution, etc c1984.
300 ## - PHYSICAL DESCRIPTION
Extent ix, 259 p. :
440 #0 - SERIES STATEMENT/ADDED ENTRY--TITLE
Title Boston studies in the philosophy of science ;
Volume number/sequential designation v. 82
9 (RLIN) 14124
504 ## - BIBLIOGRAPHY, ETC. NOTE
Bibliography, etc Includes bibliographical references and index.
650 #0 - SUBJECT ADDED ENTRY--TOPICAL TERM
Topical term or geographic name as entry element Physics
General subdivision History.
9 (RLIN) 13654
700 1# - ADDED ENTRY--PERSONAL NAME
Personal name Cohen, R. S.
Fuller form of name (Robert Sonné)
9 (RLIN) 14125
700 1# - ADDED ENTRY--PERSONAL NAME
Personal name Wartofsky, Marx W.
9 (RLIN) 14126
906 ## - LOCAL DATA ELEMENT F, LDF (RLIN)
a 7
b cbc
c orignew
d 1
e ocip
f 19
g y-gencatlg
942 ## - ADDED ENTRY ELEMENTS (KOHA)
Source of classification or shelving scheme Library of Congress Classification
Koha item type Monograph ( Printed materials)
Holdings
Withdrawn status Lost status Source of classification or shelving scheme Damaged status Not for loan Collection code Home library Current library Shelving location Date acquired Total Checkouts Full call number Barcode Date last seen Price effective from Koha item type
    Library of Congress Classification     Main Collection ARRUPE LIBRARY ARRUPE LIBRARY Main Collection 16/01/2015   QC7.P46 1983 46500003177 02/07/2019 16/01/2015 Monograph ( Printed materials)

 

Arrupe Library. PO Box MP320 Mt Pleasant, Harare, Zimbabwe
263 242 745411|librarian@aju.ac.zw